Statystyki dla QUIZ POLSKA CZY NIEMCY KRAJ VS KRAJ

Kliknij tutaj aby rozwiązać quiz!

Ogólne statystyki

  • Ten quiz został rozwiązany 119 razy
  • Średni wynik to 7 z 9

Statystyki odpowiedzi

ZagadnienieOdpowiedź% Poprawnych
JAKI KRAJ MA WIĘKSZĄ POWIERZCHNIENIEMCY
98%
W TYM KRAJU MIESZKA WIĘCEJ LUDZINIEMCY
96%
W KTÓRYM PAŃSTWIE SIE MNIEJ ZARABIAPOLSKA
96%
CO WOLISZPOLSKĘ
88%
CZY PODOBAŁ SIE MÓJ QUIZTAK POLSKA GÓRĄ
88%
W KTÓRYM KRAJU JEST WIĘCEJ PARKÓW NARODOWYCHPOLSKA
77%
KTÓRY KRAJ POSIADA WYŻSZY BUDYNEKPOLSKA
72%
POSIADA WYŻSZY SZCZYTNIEMCY
48%
W KTÓRYM KRAJU JEST WIĘCEJ PRZYCHODŹCÓW Z UKRAINYNIEMCY
9%

Rozkład punktacji

Percentyl według liczby udzielonych odpowiedzi

Procent ludzi z każdym wynikiem

Twoja historia wyników

Nie rozwiązałeś tego quizu